Statistics for NHL, MLB and NBA team names that don't end in "S"

Click here to take the quiz!

General Stats

  • This quiz has been taken 742 times
  • The average score is 6 of 9

Answer Stats

HintAnswer% Correct
NBAMiami Heat
80%
MLBBoston Red Sox
74%
MLBChicago White Sox
73%
NBAUtah Jazz
73%
NBAOrlando Magic
69%
NBAOklahoma City Thunder
64%
NHLMinnesota Wild
61%
NHLTampa Bay Lightning
54%
NHLColorado Avalanche
53%

Score Distribution

Percentile by Number Answered

Percent of People with Each Score

Your Score History

You have not taken this quiz